| 000 | 01046nam a2200229Ia 4500 | ||
|---|---|---|---|
| 001 | L235-8598 | ||
| 003 | IT-CnALBA | ||
| 008 | 170116s9999||||xx |||||||||||||| ||und|| | ||
| 040 |
_aIT-CnALBA _cIT-CnALBA |
||
| 041 | _aITALIANO | ||
| 100 | _aZAGO P. DAMIANO, OP. | ||
| 245 | 0 | _aLA PATRONA D'ITALIA: CATERINA DA SIENA. | |
| 250 | _a1a ed. | ||
| 260 |
_aCINISELLO BALSAMO (MI) _bEDIZIONI PAOLINE _c1940 [1° Ed.:1940 - Ed.Ling.Originale: 1940] |
||
| 300 | _a48 p. | ||
| 500 | _aESTRATTO DA DOTTRINA E FATTI. 2 SEDICESIMO CAPOVOLTO. VITA MISTICA DI S. CATERINA. PIO XII. COMPATRONA D'ITALIA CON S. FRANCESCO D'ASSISI. GRANDEZZA DI SANTA CATERINA. | ||
| 501 | _aSocietà San Paolo EM - Piazza San Paolo, 14 - 12051 ALBA (CN) (non commercial uses only) ® Copyright 2017 | ||
| 520 | _aESTRATTO DA DOTTRINA E FATTI. 2 SEDICESIMO CAPOVOLTO. VITA MISTICA DI S. CATERINA. PIO XII. COMPATRONA D'ITALIA CON S. FRANCESCO D'ASSISI. GRANDEZZA DI SANTA CATERINA. | ||
| 650 | _aMARIA SS. ANGELI SANTI DEMONI | ||
| 942 | _cBK | ||
| 957 | _71 | ||
| 999 |
_a9574 _bSI _g Copie: 1 _c267775 _d267775 |
||